[Event "Winter TNM"]
[Site "San Francisco"]
[Date "2006.02.21"]
[Round "6"]
[White "Regan, Jack"]
[Black "Woebcke, Carl"]
[Result "1-0"]
[WhiteElo "1564"]
[BlackElo "1670"]
[PlyCount "83"]
[EventDate "2006.01.10"]
[EventType "swiss"]
[EventRounds "8"]
[EventCountry "USA"]

1. Nf3 d5 2. d4 Nf6 3. c4 e6 4. Nc3 Be7 5. Bg5 Nbd7 6. e3 O-O 7. Rc1 c6 8. Bd3
dxc4 9. Bxc4 b5 10. Bd3 a5 11. Qc2 Bb7 12. Ne5 h6 13. Nxd7 Qxd7 14. Bxf6 Bxf6
15. Ne4 Be7 16. Nc5 Bxc5 17. Qxc5 Rfe8 18. Be4 Rac8 19. O-O Qe7 20. Rc2 e5 21.
dxe5 Qxe5 22. Qxe5 Rxe5 23. Bf3 f5 24. Rfc1 Re6 25. Bd5 cxd5 26. Rxc8+ Bxc8 27.
Rxc8+ Kh7 28. Kf1 Re4 29. Rc5 Rc4 30. Rxd5 Rc1+ 31. Ke2 Rc2+ 32. Rd2 Rc5 33. h4
Kg6 34. g3 Kf6 35. f4 Ke6 36. Kf3 h5 37. e4 g6 38. e5 Rc6 39. Ke3 a4 40. Kd3
Rc4 41. Rc2 Kd5 42. Rxc4 1-0

[Event "Winter TNM"]
[Site "San Francisco"]
[Date "2006.02.21"]
[Round "6"]
[White "Robbins, Chuck"]
[Black "Oca, Homer"]
[Result "0-1"]
[WhiteElo "1590"]
[BlackElo "1678"]
[PlyCount "110"]
[EventDate "2006.01.10"]
[EventType "swiss"]
[EventRounds "8"]
[EventCountry "USA"]

1. d4 a6 2. c4 h6 3. Nc3 c5 4. d5 d6 5. e4 e5 6. Bd3 g5 7. Nge2 Bg7 8. Ng3 Ne7
9. Nh5 O-O 10. Nxg7 Kxg7 11. h4 Ng6 12. hxg5 hxg5 13. Qf3 Rh8 14. g3 Bg4 15.
Qg2 Nd7 16. Rxh8 Qxh8 17. Bxg5 Qh5 18. Bh4 Bf3 19. Qg1 Rg8 20. Be2 Kf8 21. Qh2
Nxh4 22. Qxh4 Qxh4 23. gxh4 Rg1+ 24. Kd2 Rxa1 25. Bxf3 b5 26. cxb5 axb5 27. a3
b4 28. axb4 cxb4 29. Nd1 Nc5 30. Kc2 b3+ 31. Kd2 f5 32. exf5 e4 33. Bg2 Kf7 34.
f3 e3+ 35. Nxe3 Ra2 36. Kc3 Kf6 37. Nc4 Ra6 38. Bh3 Ke7 39. Bg4 Ra8 40. Nd2 Rb8
41. Nc4 Na4+ 42. Kd3 Nb6 43. Ne3 Kf6 44. f4 Rc8 45. Bd1 Na4 46. Nc4 Rxc4 47.
Kxc4 Nxb2+ 48. Kxb3 Nxd1 49. Kc4 Kxf5 50. Kb5 Kxf4 51. h5 Nc3+ 52. Kc6 Ke5 53.
h6 Nxd5 54. h7 Ne7+ 55. Kd7 Ng6 0-1

[Event "Winter TNM"]
[Site "San Francisco"]
[Date "2006.02.21"]
[Round "6"]
[White "Sainz, Guadalupe"]
[Black "Guarino, Robert"]
[Result "1/2-1/2"]
[WhiteElo "1694"]
[BlackElo "1587"]
[PlyCount "152"]
[EventDate "2006.01.10"]
[EventType "swiss"]
[EventRounds "8"]
[EventCountry "USA"]

1. d4 e6 2. e4 d5 3. e5 c5 4. c3 Nc6 5. Nf3 Qb6 6. Be2 f6 7. O-O cxd4 8. cxd4
fxe5 9. Nxe5 Qxd4 10. Qxd4 Nxd4 11. Bd3 Nf6 12. Be3 Bc5 13. Na3 Bxa3 14. Bxd4
Bd6 15. Bb5+ Ke7 16. Rac1 a6 17. Ba4 b5 18. Bb3 Re8 19. Bc5 Ne4 20. Bxd6+ Kxd6
21. f4 Bb7 22. Rcd1 g6 23. Rfe1 Nf6 24. g4 Rac8 25. h3 Ke7 26. Nf3 Kf8 27. Nd4
Kf7 28. a4 bxa4 29. Bxa4 Re7 30. b4 Rc4 31. Nc2 Rxf4 32. Nd4 Ne4 33. Ne2 Rf3
34. Kg2 Rf2+ 35. Kg1 Rc7 36. b5 Rc4 37. Bb3 Rc5 38. b6 Rf3 39. Rf1 Rxf1+ 40.
Rxf1+ Ke7 41. Ba4 Nc3 42. Nxc3 Rxc3 43. Kh2 d4 44. g5 d3 45. Bd1 Rc1 46. Kg3
Rb1 47. Kf4 Rxb6 48. Ke3 Rd6 49. Rf4 e5 50. Rh4 Bg2 51. Rxh7+ Ke6 52. Kd2 e4
53. Bb3+ Ke5 54. h4 Rb6 55. Re7+ Kf4 56. Bd1 Rb2+ 57. Kc3 Ra2 58. h5 Kxg5 59.
hxg6 Kxg6 60. Re8 Kf7 61. Rd8 Ra1 62. Kd2 Bf1 63. Bb3+ Ke7 64. Rd4 Bg2 65. Rc4
a5 66. Rc7+ Kd6 67. Rg7 Bf3 68. Ra7 Ke5 69. Re7+ Kf4 70. Rf7+ Kg3 71. Ke3 a4
72. Rg7+ Kh4 73. Bf7 a3 74. Kf4 Kh3 75. Be6+ Kh2 76. Rh7+ Kg1 1/2-1/2

[Event "Winter TNM"]
[Site "San Francisco"]
[Date "2006.02.21"]
[Round "6"]
[White "Salinas, Chad"]
[Black "Faulkner, Charles"]
[Result "1-0"]
[WhiteElo "1958"]
[BlackElo "1849"]
[PlyCount "73"]
[EventDate "2006.01.10"]
[EventType "swiss"]
[EventRounds "8"]
[EventCountry "USA"]

1. d4 d5 2. c4 e6 3. Nc3 Nf6 4. cxd5 exd5 5. Bg5 Be7 6. Qc2 Nbd7 7. e3 O-O 8.
Bd3 h6 9. Bh4 Re8 10. Nge2 c5 11. O-O c4 12. Bf5 Nf8 13. Rad1 Qa5 14. f3 g5 15.
Bg3 b5 16. a3 b4 17. axb4 Bxb4 18. Be5 N8h7 19. Kh1 Qd8 20. Nb5 Re7 21. Bxc8
Qxc8 22. Ng3 Rb7 23. Nd6 Bxd6 24. Bxd6 Qe6 25. Nf5 Kh8 26. Be5 Nf8 27. Nxh6 Ng6
28. Ng4 Nxe5 29. Nxe5 Rab8 30. Rb1 Kg7 31. e4 Rb4 32. Qd2 Nh7 33. exd5 Qxd5 34.
Rfc1 c3 35. Qxc3 Rxd4 36. Nc6 Rc8 37. Qxd4+ 1-0

[Event "Winter TNM"]
[Site "San Francisco"]
[Date "2006.02.21"]
[Round "6"]
[White "Salvo, Tab"]
[Black "Sanguinetti, George"]
[Result "1-0"]
[WhiteElo "1740"]
[BlackElo "1954"]
[PlyCount "81"]
[EventDate "2006.01.10"]
[EventType "swiss"]
[EventRounds "8"]
[EventCountry "USA"]

1. Nf3 Nf6 2. g3 d5 3. c4 d4 4. d3 Nc6 5. Bg2 Bg4 6. O-O Qd7 7. Re1 e5 8. Nbd2
a5 9. a3 Be7 10. b3 O-O 11. Rb1 Rad8 12. Qc2 b6 13. Ng5 h6 14. Ngf3 Nh7 15. Nf1
Bh3 16. Bh1 f5 17. Bb2 g5 18. Rbd1 Nf6 19. e3 Bc5 20. exd4 Nxd4 21. Bxd4 Bxd4
22. Nxe5 Qd6 23. Nc6 f4 24. Nxd8 fxg3 25. hxg3 Bxf1 26. Kxf1 Ng4 27. Bd5+ Kh7
28. Nf7 Qf6 29. Kg1 c6 30. Re6 Qxf7 31. Rxh6+ Kxh6 32. Bxf7 Rxf7 33. Rf1 Bxf2+
34. Kh1 Kg6 35. d4+ Rf5 36. Qe4 Ne3 37. Kh2 g4 38. Qxc6+ Rf6 39. Qe8+ Kg5 40.
Qe5+ Nf5 41. Qf4+ 1-0

[Event "Winter TNM"]
[Site "San Francisco"]
[Date "2006.02.21"]
[Round "6"]
[White "Sherwood, Peter"]
[Black "Dunham, Tom"]
[Result "1-0"]
[WhiteElo "1742"]
[BlackElo "1304"]
[PlyCount "59"]
[EventDate "2006.01.10"]
[EventType "swiss"]
[EventRounds "8"]
[EventCountry "USA"]

1. e4 c5 2. Nf3 d6 3. d4 cxd4 4. Nxd4 Nf6 5. Nc3 a6 6. f4 e6 7. Qf3 Be7 8. Bd3
Qc7 9. g4 b5 10. g5 Nfd7 11. Bd2 Nc5 12. Nce2 h5 13. h4 g6 14. Nb3 Nbd7 15. O-O
Rb8 16. Bc3 O-O 17. Ng3 Bb7 18. Qe2 d5 19. Nd2 Na4 20. exd5 Nxc3 21. bxc3 Qxc3
22. dxe6 Bc5+ 23. Kh2 Nb6 24. exf7+ Rxf7 25. Nde4 Bxe4 26. Nxe4 Qd4 27. Nxc5
Qxc5 28. Rae1 Nd5 29. Qe6 Rd8 30. Bxg6 1-0

[Event "Winter TNM"]
[Site "San Francisco"]
[Date "2006.02.21"]
[Round "6"]
[White "Standen, Julian"]
[Black "Russell, Joe"]
[Result "0-1"]
[WhiteElo "1669"]
[BlackElo "1567"]
[PlyCount "32"]
[EventDate "2006.01.10"]
[EventType "swiss"]
[EventRounds "8"]
[EventCountry "USA"]

1. d4 Nf6 2. Nf3 d5 3. Bf4 e6 4. e3 Bd6 5. Bd3 Bxf4 6. exf4 c5 7. dxc5 Qa5+ 8.
c3 Qxc5 9. O-O O-O 10. Nbd2 Qd6 11. Ne5 Nc6 12. Re1 Rd8 13. Ndf3 Rb8 14. Ng5
Rf8 15. Re3 h6 16. Ne4 dxe4 0-1

[Event "Winter TNM"]
[Site "San Francisco"]
[Date "2006.02.21"]
[Round "6"]
[White "Wong, Russell"]
[Black "Ladyzhensky, Boris"]
[Result "1-0"]
[WhiteElo "2200"]
[BlackElo "1744"]
[PlyCount "83"]
[EventDate "2006.01.10"]
[EventType "swiss"]
[EventRounds "8"]
[EventCountry "USA"]

1. e4 c5 2. Nf3 d6 3. d4 cxd4 4. Nxd4 Nf6 5. Nc3 a6 6. Bg5 e6 7. f4 Be7 8. Qf3
O-O 9. O-O-O Qc7 10. g4 b5 11. Bxf6 Bxf6 12. g5 Be7 13. Bd3 Bb7 14. Qh5 Nc6 15.
Nxc6 Bxc6 16. Rhg1 Rfc8 17. f5 g6 18. Qh3 exf5 19. exf5 b4 20. Ne4 Ba4 21. b3
Rab8 22. Nf6+ Bxf6 23. gxf6 Qc3 24. fxg6 Qa1+ 25. Kd2 Qc3+ 26. Kc1 Qa1+ 27. Kd2
Qc3+ 28. Ke3 Re8+ 29. Kf2 Qxf6+ 30. Qf5 Qh4+ 31. Kf1 hxg6 32. bxa4 Re5 33. Qf2
Qh3+ 34. Rg2 Rbe8 35. Kg1 Qe6 36. Rf1 Kg7 37. Qd4 Kh7 38. Rgf2 Rg5+ 39. Kh1 f5
40. Qh4+ Rh5 41. Qxh5+ gxh5 42. Bxf5+ 1-0

[Event "Winter TNM"]
[Site "San Francisco"]
[Date "2006.02.28"]
[Round "7"]
[White "Braden, Brian"]
[Black "Mar, Henry"]
[Result "0-1"]
[WhiteElo "1160"]
[BlackElo "1565"]
[PlyCount "137"]
[EventDate "2006.01.10"]
[EventType "swiss"]
[EventRounds "8"]
[EventCountry "USA"]

1. e4 e6 2. d4 d5 3. e5 c5 4. Nf3 Nc6 5. Bb5 Bd7 6. Nc3 a6 7. Ba4 b5 8. Bb3 c4
9. Bxc4 bxc4 10. b3 cxb3 11. axb3 Nb4 12. O-O Rc8 13. Bd2 a5 14. Qe2 Qb6 15.
Na4 Bxa4 16. Rxa4 Rxc2 17. Rfa1 Qa6 18. Qd1 Rc8 19. Bxb4 Bxb4 20. Rxb4 Ne7 21.
Rba4 Nc6 22. Qd2 Qb5 23. Qc3 O-O 24. h3 Nxe5 25. Qxa5 Nxf3+ 26. gxf3 Qxb3 27.
R4a3 Qb2 28. Rd3 Rc1+ 29. Rxc1 Qxc1+ 30. Kg2 Rc8 31. Qd2 Qxd2 32. Rxd2 Rc4 33.
f4 g6 34. Kg3 Kg7 35. f3 Kf6 36. Kg4 Rc1 37. Kg3 Kf5 38. h4 Rg1+ 39. Kf2 Rh1
40. Kg3 Rc1 41. Rb2 h5 42. Rb7 Kf6 43. Rb3 Rd1 44. Rb4 Rc1 45. Rb3 Rc4 46. Rd3
Ke7 47. Rd2 Kd7 48. Kf2 Kc8 49. Ke3 Kd7 50. Kf2 Kc6 51. Ra2 Kb5 52. Rb2+ Ka4
53. Rb8 Ka3 54. Ra8+ Kb3 55. Ke3 Rc3+ 56. Ke2 Rc7 57. Kd3 Kb2 58. Rb8+ Kc1 59.
Ke2 Kc2 60. Ke3 Kc3 61. Ra8 Kb4 62. Rb8+ Kc4 63. Rb1 Ra7 64. Rc1+ Kb3 65. Kd3
Kb2 66. Kd2 Ka2 67. Rc2+ Kb3 68. Kd3 Kb4 69. Rb2+ {W time expired} 0-1

[Event "Winter TNM"]
[Site "San Francisco"]
[Date "2006.02.28"]
[Round "7"]
[White "Brown, Nicholas"]
[Black "Parker, Frank"]
[Result "0-1"]
[WhiteElo "1461"]
[BlackElo "1835"]
[PlyCount "117"]
[EventDate "2006.01.10"]
[EventType "swiss"]
[EventRounds "8"]
[EventCountry "USA"]

1. d4 d5 2. c4 c6 3. Nf3 Nf6 4. Nc3 Nbd7 5. e3 e6 6. Bd3 Be7 7. O-O O-O 8. e4
dxe4 9. Nxe4 Nxe4 10. Bxe4 Nf6 11. Bd3 b6 12. Qc2 Bb7 13. Be2 c5 14. dxc5 Bxc5
15. Bg5 Be7 16. Rad1 Qc7 17. Bxf6 Bxf6 18. b3 Rfd8 19. Rd2 Rxd2 20. Nxd2 Rd8
21. Ne4 Be5 22. g3 g6 23. Rd1 Bg7 24. Rxd8+ Qxd8 25. Qd3 Qxd3 26. Bxd3 Bxe4 27.
Bxe4 Kf8 28. a4 Ke7 29. b4 Bc3 30. b5 Kd6 31. Bc6 Kc5 32. Be8 f6 33. Bf7 Kxc4
34. Bxe6+ Kb4 35. Bd7 Kxa4 36. Kf1 Ka5 37. Ke2 a6 38. bxa6 Kxa6 39. Kd3 Be1 40.
f3 b5 41. Kc2 Kb6 42. Kb3 Kc5 43. g4 g5 44. h3 b4 45. Be6 Kd4 46. Kc2 Ke5 47.
Bf5 h6 48. Kd1 Bc3 49. Ke2 b3 50. Kd3 Bd4 51. Kc4 b2 52. Be4 Be3 53. Kb3 Bc1
54. Kc4 Kf4 55. Kd5 Bd2 56. Ke6 Bc3 57. Kf7 Kg3 58. Kg6 Kxh3 59. Kxh6 {
reaminder illegible; B won in 7 more moves} 0-1

[Event "Winter TNM"]
[Site "San Francisco"]
[Date "2006.02.28"]
[Round "7"]
[White "Capdeville, Barry"]
[Black "Hilliard, Michael"]
[Result "0-1"]
[WhiteElo "1213"]
[BlackElo "1465"]
[PlyCount "56"]
[EventDate "2006.01.10"]
[EventType "swiss"]
[EventRounds "8"]
[EventCountry "USA"]

1. e4 c6 2. d4 d5 3. e5 Bf5 4. Nc3 e6 5. g4 Bg6 6. Nge2 h6 7. h4 c5 8. Nf4 Bh7
9. Bd3 Bxd3 10. Qxd3 cxd4 11. Qxd4 Nc6 12. Qd1 Nxe5 13. Qe2 Nc4 14. Ncxd5 Rc8
15. Ne3 Qc7 16. Nxc4 Qxc4 17. c3 Bd6 18. Nd3 Ne7 19. Bd2 O-O 20. b3 Qd5 21. Rf1
Rfd8 22. c4 Qd4 23. Rc1 Ba3 24. Bc3 Qxd3 25. Qe5 f6 26. Qxe6+ Kf8 27. Ba5 b6
28. Rc3 Qd1# 0-1

[Event "Winter TNM"]
[Site "San Francisco"]
[Date "2006.02.28"]
[Round "7"]
[White "Chan, John"]
[Black "Kleiman, Charles"]
[Result "1-0"]
[WhiteElo "1659"]
[BlackElo "1878"]
[PlyCount "121"]
[EventDate "2006.01.10"]
[EventType "swiss"]
[EventRounds "8"]
[EventCountry "USA"]

1. c4 e5 2. Nc3 Nc6 3. a3 a5 4. e4 d6 5. g3 Nf6 6. Bg2 Bg4 7. f3 Be6 8. d3 Nd7
9. Nge2 Be7 10. O-O O-O 11. Be3 Nc5 12. Bxc5 dxc5 13. Nd5 Bd6 14. Qd2 Qd7 15.
Rad1 f5 16. f4 Rf7 17. exf5 Bxf5 18. Ne3 exf4 19. Nxf5 Rxf5 20. Bh3 Raf8 21.
Bxf5 Rxf5 22. Nxf4 Be5 23. Nd5 Bd4+ 24. Kg2 Rh5 25. h4 Ne5 26. Qf4 Ng6 27. Qf3
Rxh4 28. Rh1 Ne5 29. Qe2 Rxh1 30. Rxh1 c6 31. Nf4 Qf5 32. Rf1 g5 33. Nh5 Qxd3
34. Nf6+ Kh8 35. Qh5 Qg6 36. Qe2 Qd3 37. Qh5 Qc2+ 38. Kh1 Qg6 39. Qe2 g4 40.
Kg2 Qd3 41. Qxd3 Nxd3 42. Nxg4 Nxb2 43. Rb1 b6 44. Kf3 Nxc4 45. Kf4 Kg7 46. Kf5
b5 47. Re1 h5 48. Nh2 Bf6 49. Re6 Bd4 50. Rxc6 Nxa3 51. Rc7+ Kf8 52. Ke6 Nc4
53. Nf3 Be3 54. Nh4 Nb6 55. Nf5 Bg5 56. Rf7+ Ke8 57. Nd6+ Kd8 58. Nxb5 Kc8 59.
Nd6+ Kd8 60. Rb7 Na4 61. Rd7# 1-0

[Event "Winter TNM"]
[Site "San Francisco"]
[Date "2006.02.28"]
[Round "7"]
[White "Grey, Peter"]
[Black "Wong, Russell"]
[Result "0-1"]
[WhiteElo "2000"]
[BlackElo "2200"]
[PlyCount "58"]
[EventDate "2006.01.10"]
[EventType "swiss"]
[EventRounds "8"]
[EventCountry "USA"]

1. d4 Nf6 2. c4 c5 3. d5 e5 4. Nc3 d6 5. e4 Be7 6. g3 a6 7. a4 O-O 8. Bh3 Nbd7
9. Qe2 Rb8 10. Nf3 Ne8 11. O-O g6 12. Bh6 Ng7 13. Nd2 Bg5 14. Bxg5 Qxg5 15. Bg2
Nh5 16. Nf3 Qe7 17. Qe3 Kg7 18. Qg5 Ndf6 19. Nh4 Nxd5 20. Qxe7 Nxe7 21. Rfd1
Rd8 22. Rd2 Nc6 23. Rad1 Nd4 24. Nd5 b5 25. cxb5 axb5 26. axb5 Rxb5 27. Ne3 Be6
28. Bf1 Rb4 29. Nc2 Nxc2 0-1

[Event "Winter TNM"]
[Site "San Francisco"]
[Date "2006.02.28"]
[Round "7"]
[White "Guarino, Robert"]
[Black "Dupree, Charles"]
[Result "0-1"]
[WhiteElo "1587"]
[BlackElo "1772"]
[PlyCount "74"]
[EventDate "2006.01.10"]
[EventType "swiss"]
[EventRounds "8"]
[EventCountry "USA"]

1. e4 c5 2. Nc3 e6 3. Bc4 Nc6 4. f4 a6 5. a4 Be7 6. Nf3 Bh4+ 7. g3 Be7 8. d3 d6
9. Qe2 Nf6 10. Bd2 O-O 11. Qg2 d5 12. exd5 exd5 13. Ba2 Re8 14. O-O Be6 15. Ne5
Rc8 16. Nxc6 Rxc6 17. f5 Bd7 18. Nxd5 Qc8 19. g4 Bf8 20. g5 Nxd5 21. Qxd5 Re7
22. Rae1 Be8 23. Rxe7 Bxe7 24. Re1 Bf8 25. Bc3 Rd6 26. Qe5 Bxa4 27. Re2 Bd7 28.
Rf2 b5 29. f6 g6 30. h4 b4 31. Bd2 Rd4 32. Qh2 Bd6 33. Bf4 Rxf4 34. Rxf4 Qc7
35. Qe2 Bxf4 36. Qe7 Bh2+ 37. Kf1 Qf4+ 0-1

[Event "Winter TNM"]
[Site "San Francisco"]
[Date "2006.02.28"]
[Round "7"]
[White "Jahedi, Salar"]
[Black "Purcell, Brendan"]
[Result "0-1"]
[WhiteElo "2014"]
[BlackElo "1874"]
[PlyCount "62"]
[EventDate "2006.01.10"]
[EventType "swiss"]
[EventRounds "8"]
[EventCountry "USA"]

1. e4 c5 2. c3 e6 3. d4 d5 4. exd5 exd5 5. Nf3 c4 6. b3 cxb3 7. axb3 Nf6 8. Ne5
Be7 9. Bd3 O-O 10. O-O Re8 11. Nd2 Qc7 12. Ndf3 Nc6 13. Nxc6 Qxc6 14. Qc2 Be6
15. Ng5 h6 16. Nxe6 Qxe6 17. Bd2 Qc6 18. Rfe1 a6 19. c4 Bd6 20. c5 Bc7 21. b4
Rxe1+ 22. Rxe1 Re8 23. Rb1 Ng4 24. h3 Nxf2 25. Kxf2 Qf6+ 26. Kg1 Qxd4+ 27. Kf1
Bh2 28. Bh7+ Kh8 29. Be4 Rxe4 30. Be3 Qxe3 31. Qf2 Qd3+ 0-1

[Event "Winter TNM"]
[Site "San Francisco"]
[Date "2006.02.28"]
[Round "7"]
[White "Karnad, Josh"]
[Black "Regan, Jack"]
[Result "1-0"]
[WhiteElo "1800"]
[BlackElo "1564"]
[PlyCount "91"]
[EventDate "2006.01.10"]
[EventType "swiss"]
[EventRounds "8"]
[EventCountry "USA"]

1. e4 c6 2. d4 d5 3. f3 Nd7 4. Nc3 dxe4 5. fxe4 g6 6. Nf3 Bg7 7. Bc4 Qa5 8. O-O
c5 9. Be3 cxd4 10. Bxd4 Bxd4+ 11. Qxd4 Qb6 12. Qxb6 Nxb6 13. Bxf7+ Kxf7 14.
Ne5+ Ke8 15. Nf7 Nf6 16. Nxh8 Be6 17. Nb5 Kd7 18. Rad1+ Kc6 19. Nd4+ Kd6 20.
e5+ Kxe5 21. Rfe1+ Ne4 22. Nxe6 Kxe6 23. Rxe4+ Kf5 24. Rxe7 Rxh8 25. Rf1+ Kg5
26. Rxb7 Rc8 27. c3 Nc4 28. Rf2 Rd8 29. h4+ Kh5 30. Rxh7+ Kg4 31. Rxa7 Ne3 32.
Ra4+ Kh5 33. Ra5+ Kh6 34. Re2 Rd1+ 35. Kf2 Ng4+ 36. Kg3 Nf6 37. Ra4 Nh5+ 38.
Kf2 Rd3 39. Rd4 Rg3 40. Re3 Rxe3 41. Kxe3 Ng3 42. a4 Nf5+ 43. Kd3 Nxd4 44. Kxd4
Kh5 45. a5 Kxh4 46. a6 1-0

[Event "Winter TNM"]
[Site "San Francisco"]
[Date "2006.02.28"]
[Round "7"]
[White "Ladyzhensky, Boris"]
[Black "Wilkerson, Max"]
[Result "1-0"]
[WhiteElo "1744"]
[BlackElo "1900"]
[PlyCount "56"]
[EventDate "2006.01.10"]
[EventType "swiss"]
[EventRounds "8"]
[EventCountry "USA"]

1. e4 e6 2. d4 d6 3. c4 Nf6 4. Nc3 Nbd7 5. Nf3 Be7 6. e5 dxe5 7. dxe5 Ng4 8.
Bf4 g5 9. Bg3 h5 10. h3 Nh6 11. Nd4 Nf5 12. Nxf5 exf5 13. e6 fxe6 14. Qc2 Kf7
15. O-O-O f4 16. Bh2 c6 17. Be2 Qa5 18. Kb1 Nf6 19. g3 e5 20. h4 g4 21. gxf4
exf4 22. Bd3 Be6 23. Rhe1 Rhg8 24. Bxf4 b5 25. Re5 Qa6 26. cxb5 cxb5 27. Bxb5
Qb7 28. Rxe6 Rac8 1-0

[Event "Winter TNM"]
[Site "San Francisco"]
[Date "2006.02.28"]
[Round "7"]
[White "Litowsky, Dan"]
[Black "Petrison, John"]
[Result "1-0"]
[WhiteElo "1700"]
[BlackElo "2092"]
[PlyCount "120"]
[EventDate "2006.01.10"]
[EventType "swiss"]
[EventRounds "8"]
[EventCountry "USA"]

1. e4 e5 2. Nc3 Nc6 3. Bc4 Nf6 4. a3 Nxe4 5. Bxf7+ Kxf7 6. Nxe4 d5 7. Qf3+ Ke8
8. Nc3 e4 9. Qh5+ g6 10. Qxd5 Qxd5 11. Nxd5 Bd6 12. Ne2 Be6 13. Nf6+ Ke7 14.
Nxe4 Be5 15. d3 h6 16. O-O g5 17. c3 Rhf8 18. Be3 b6 19. Rad1 Bb3 20. Rd2 Rad8
21. d4 Bg7 22. f4 g4 23. g3 Na5 24. Nc1 Bd5 25. Nf2 Nc4 26. Re2 Bf3 27. Ree1
Nxb2 28. Ncd3 Nxd3 29. Nxd3 Kd7 30. Ne5+ Bxe5 31. fxe5 h5 32. c4 c6 33. e6+
Kxe6 34. Bg5+ Kf5 35. Bxd8 Rxd8 36. Rd1 Kg5 37. Rd2 Re8 38. d5 cxd5 39. cxd5
Rd8 40. d6 Kf6 41. Re1 Rd7 42. Re3 Bc6 43. Rc3 Bf3 44. Rc7 Ke6 45. Rxd7 Kxd7
46. Kf2 b5 47. Ke3 a5 48. Rd4 b4 49. axb4 axb4 50. Kd2 Bc6 51. Kc2 Ba4+ 52. Kd3
Bb5+ 53. Ke4 Ke6 54. Kf4 b3 55. Rb4 Be8 56. Rxb3 Kxd6 57. Re3 Bf7 58. Kg5 Kd5
59. Re7 Be6 60. Kxh5 Ke5 1-0

[Event "Winter TNM"]
[Site "San Francisco"]
[Date "2006.02.28"]
[Round "7"]
[White "Livschitz, Jennifer"]
[Black "Standen, Julian"]
[Result "*"]
[WhiteElo "1315"]
[BlackElo "1669"]
[PlyCount "27"]
[EventDate "2006.01.10"]
[EventType "swiss"]
[EventRounds "8"]
[EventCountry "USA"]

1. e4 c6 2. d4 d5 3. exd5 cxd5 4. c4 Nf6 5. Nc3 e6 6. Bg5 Qa5 7. Bxf6 gxf6 8.
cxd5 {NAM} Bb4 9. Qb3 O-O 10. Bd3 Qxd5 11. Qxb4 Qxg2 12. Be4 Qg4 13. Nce2 Kh8
14. Qxf8+ *

[Event "Winter TNM"]
[Site "San Francisco"]
[Date "2006.02.28"]
[Round "7"]
[White "Margulis, Igor"]
[Black "Salvo, Tab"]
[Result "1-0"]
[WhiteElo "2200"]
[BlackElo "1740"]
[PlyCount "43"]
[EventDate "2006.01.10"]
[EventType "swiss"]
[EventRounds "8"]
[EventCountry "USA"]

1. e4 d6 2. d4 Nf6 3. Nc3 g6 4. f3 Bg7 5. Be3 O-O 6. Qd2 Re8 7. O-O-O c6 8. h4
b5 9. Bh6 Nbd7 10. h5 Nf8 11. hxg6 fxg6 12. Bxg7 Kxg7 13. Qh6+ Kg8 14. Nh3 Bxh3
15. Rxh3 Qa5 16. Kb1 Rad8 17. Bd3 e5 18. dxe5 dxe5 19. Qg5 N6d7 20. Rdh1 Qc7
21. Rxh7 Nxh7 22. Qxg6+ 1-0

[Event "Winter TNM"]
[Site "San Francisco"]
[Date "2006.02.28"]
[Round "7"]
[White "Oca, Homer"]
[Black "Naroditsky, Daniel"]
[Result "0-1"]
[WhiteElo "1678"]
[BlackElo "1880"]
[PlyCount "76"]
[EventDate "2006.01.10"]
[EventType "swiss"]
[EventRounds "8"]
[EventCountry "USA"]

1. a3 e5 2. h3 d5 3. e3 Nf6 4. d3 Bd6 5. c4 c6 6. Nc3 O-O 7. e4 Bc5 8. Nf3 dxe4
9. Nxe5 Qb6 10. Qc2 Re8 11. Na4 Qa5+ 12. Bd2 exd3 13. Bxa5 Rxe5+ 14. Kd2 dxc2
15. Nxc5 Rxc5 16. Bb4 Re5 17. f4 Re8 18. g4 Na6 19. Bc3 Ne4+ 20. Kxc2 Nxc3 21.
Kxc3 b6 22. Bg2 Bb7 23. Rhe1 Rxe1 24. Rxe1 Kf8 25. b4 Re8 26. Rxe8+ Kxe8 27. b5
Nb8 28. a4 Kd7 29. Be4 g6 30. h4 Kc7 31. f5 cxb5 32. fxg6 fxg6 33. Bxb7 Kxb7
34. cxb5 Kc7 35. Kd4 Kd6 36. Ke4 Nd7 37. Kf4 h6 38. h5 gxh5 0-1

[Event "Winter TNM"]
[Site "San Francisco"]
[Date "2006.02.28"]
[Round "7"]
[White "Rudyak, Felix"]
[Black "Sherwood, Peter"]
[Result "0-1"]
[WhiteElo "1933"]
[BlackElo "1742"]
[PlyCount "44"]
[EventDate "2006.01.10"]
[EventType "swiss"]
[EventRounds "8"]
[EventCountry "USA"]

1. d4 d5 2. c4 dxc4 3. e4 e5 4. d5 Nf6 5. Nc3 Bc5 6. Bxc4 Ng4 7. Nh3 O-O 8. O-O
Kh8 9. Na4 Bd4 10. Kh1 f5 11. f3 Nf6 12. Ng5 Qe8 13. Nc3 f4 14. Nb5 Bb6 15. a4
a6 16. Nc3 Qh5 17. Ne6 Rf7 18. a5 Ba7 19. d6 cxd6 20. Qxd6 Ne8 21. Qd8 Rf6 22.
Qxc8 Qxh2+ 0-1

[Event "Winter TNM"]
[Site "San Francisco"]
[Date "2006.02.28"]
[Round "7"]
[White "Sainz, Guadalupe"]
[Black "Bertot, German"]
[Result "1-0"]
[WhiteElo "1694"]
[BlackElo "1438"]
[PlyCount "93"]
[EventDate "2006.01.10"]
[EventType "swiss"]
[EventRounds "8"]
[EventCountry "USA"]

1. d4 d5 2. c4 e6 3. Nc3 Nf6 4. Nf3 c6 5. Bg5 Nbd7 6. e3 h6 7. Bh4 Qa5 8. cxd5
Nxd5 9. Qd2 Bb4 10. Rc1 O-O 11. Bd3 Nxc3 12. bxc3 Bd6 13. O-O c5 14. Qe2 a6 15.
e4 b5 16. e5 Bc7 17. Qe4 g6 18. Qxa8 c4 19. Bb1 Qb6 20. Qe4 Bb7 21. Qe3 Kg7 22.
Be4 Bxe4 23. Qxe4 f5 24. exf6+ Nxf6 25. Bxf6+ Rxf6 26. Rfe1 Qd6 27. Ne5 Rf5 28.
Re3 Qf8 29. Qb7 Qd6 30. Rce1 h5 31. Rf3 Rxf3 32. Qxf3 Qe7 33. Re4 Qg5 34. Rf4
Bxe5 35. dxe5 Qxe5 36. Rf7+ Kg8 37. Rf8+ Kh7 38. Qf7+ Kh6 39. Qf4+ Qxf4 40.
Rxf4 Kg7 41. Rd4 a5 42. a3 Kf7 43. h4 Ke7 44. f4 Kf6 45. Kf2 e5 46. fxe5+ Kxe5
47. Ke3 1-0

[Event "Winter TNM"]
[Site "San Francisco"]
[Date "2006.02.28"]
[Round "7"]
[White "Sanguinetti, George"]
[Black "Dembling, Arthur"]
[Result "1-0"]
[WhiteElo "1954"]
[BlackElo "1674"]
[PlyCount "97"]
[EventDate "2006.01.10"]
[EventType "swiss"]
[EventRounds "8"]
[EventCountry "USA"]

1. e4 e6 2. d4 d5 3. Nc3 Nf6 4. e5 Nfd7 5. f4 c5 6. Nf3 Nc6 7. Ne2 Be7 8. c3
O-O 9. a3 Qb6 10. Qc2 cxd4 11. cxd4 Na5 12. h4 f5 13. Nc3 Nb3 14. Rb1 Nxd4 15.
Nxd4 Qxd4 16. Rh3 Qb6 17. Nb5 Qc6 18. Rc3 Bxh4+ 19. g3 Bxg3+ 20. Kd1 Qb6 21.
Rxg3 a6 22. Be3 Qd8 23. Nc7 Qh4 24. Qg2 Rf7 25. Nxa8 Qd8 26. Rc1 d4 27. Bd2 Nf8
28. Be2 Bd7 29. Bh5 g6 30. Nc7 Bc6 31. Nxe6 Nxe6 32. Rxc6 bxc6 33. Qxc6 Ng7 34.
Bf3 Rc7 35. Bd5+ Kh8 36. Ba5 Rxc6 37. Bxd8 Rc5 38. Bf7 Nh5 39. Rd3 Kg7 40. Bb3
Nxf4 41. Bf6+ Kh6 42. Rxd4 g5 43. Rd6 Rb5 44. Kc2 Kh5 45. e6 Rc5+ 46. Bc3 Ng6
47. Rd7 Rc8 48. e7 Re8 49. Bf7 1-0

[Event "Winter TNM"]
[Site "San Francisco"]
[Date "2006.02.28"]
[Round "7"]
[White "Shankland, Sam"]
[Black "Salinas, Chad"]
[Result "1-0"]
[WhiteElo "2012"]
[BlackElo "1958"]
[PlyCount "41"]
[EventDate "2006.01.10"]
[EventType "swiss"]
[EventRounds "8"]
[EventCountry "USA"]

1. e4 c5 2. Nf3 d6 3. d4 cxd4 4. Nxd4 Nf6 5. Nc3 a6 6. Bc4 e6 7. O-O b5 8. Bb3
Be7 9. f4 O-O 10. f5 b4 11. Nce2 e5 12. Nf3 Bb7 13. Ng3 Qb6+ 14. Kh1 Nxe4 15.
Nxe4 Bxe4 16. Ng5 Bb7 17. f6 gxf6 18. Qh5 fxg5 19. Rxf7 Be4 20. Rxf8+ Kg7 21.
Rg8+ 1-0